[Event "European Rapid 2022"]
[Site "Katowice POL"]
[Date "2022.12.17"]
[Round "6.34"]
[White "Abdrlauf, Elham"]
[Black "Kovalevsky, Stanislav"]
[Result "1-0"]
[WhiteTitle "IM"]
[BlackTitle "FM"]
[WhiteElo "2518"]
[BlackElo "2237"]
[WhiteFideId "1533533"]
[BlackFideId "13508598"]
[EventDate "2022.12.17"]

1. e4 e6 2. d4 d5 3. Nc3 dxe4 4. Nxe4 Nf6 5. Nxf6+ gxf6 6. Nf3 c5 7. Bb5+ Nc6 8.
O-O cxd4 9. Nxd4 Bd7 10. Nxc6 Bxc6 11. Bxc6+ bxc6 12. Qe2 Bd6 13. Be3 Qc7 14. h3
Rg8 15. Rad1 Rg6 16. Qh5 O-O-O 17. Qe2 Rdg8 18. Qa6+ Kb8 19. g4 Bf4 20. Bc5 h5
21. Rd3 hxg4 22. Bxa7+ Qxa7 23. Rb3+ Kc7 24. Qxa7+ Kd6 25. Rd1+ Ke5 26. Qc5+ Ke4
27. Rd4# 1-0

[Event "European Rapid 2022"]
[Site "Katowice POL"]
[Date "2022.12.17"]
[Round "6.35"]
[White "Schneider, Ilja"]
[Black "Marie, Maxime"]
[Result "1-0"]
[WhiteTitle "IM"]
[BlackTitle "CM"]
[WhiteElo "2483"]
[BlackElo "2175"]
[WhiteFideId "4663306"]
[BlackFideId "625590"]
[EventDate "2022.12.17"]

1. e4 c6 2. d4 d5 3. exd5 cxd5 4. Nf3 Nf6 5. Ne5 Nc6 6. Bb5 Bd7 7. Nxd7 Qxd7 8.
c3 e6 9. O-O Bd6 10. Nd2 a6 11. Bd3 Qc7 12. g3 h6 13. Re1 g5 14. a4 Ke7 15. Nf3
Rag8 16. b4 Nb8 17. Qb3 Nbd7 18. c4 dxc4 19. Bxc4 g4 20. Nh4 Kd8 21. a5 Nf8 22.
Be3 Ng6 23. Nxg6 Rxg6 24. d5 Ke7 25. Bb6 Qb8 26. dxe6 h5 27. exf7+ Kf8 28. Rad1
Kg7 29. Re6 Bc7 30. Bd4 h4 31. Bxf6+ Rxf6 32. Qc3 Rh6 33. Rd7 1-0

[Event "European Rapid 2022"]
[Site "Katowice POL"]
[Date "2022.12.17"]
[Round "6.36"]
[White "Licznerski, Lukasz"]
[Black "Tuomainen, Felix"]
[Result "1-0"]
[WhiteTitle "IM"]
[BlackTitle "FM"]
[WhiteElo "2441"]
[BlackElo "2232"]
[WhiteFideId "1179250"]
[BlackFideId "1720813"]
[EventDate "2022.12.17"]

1. e4 d5 2. exd5 Qxd5 3. Nc3 Qa5 4. d4 c6 5. Nf3 Nf6 6. Bc4 Bg4 7. h3 Bh5 8. g4
Bg6 9. Ne5 Nbd7 10. Nxg6 hxg6 11. Bb3 e6 12. Qe2 Bb4 13. Bd2 Qb6 14. Na4 Bxd2+
15. Qxd2 Qc7 16. O-O-O O-O 17. h4 c5 18. dxc5 Nxc5 19. Nxc5 Qxc5 20. f3 a5 21.
a4 b5 22. Qg5 Qc6 23. Qxb5 Qxf3 24. h5 Rab8 25. Qf1 Qe3+ 26. Kb1 g5 27. h6 Ne4
28. Rh2 Rfd8 29. Re2 Rxd1+ 30. Qxd1 Qf4 31. hxg7 Kxg7 32. Ka2 Nf6 33. Qg1 Rb4
34. Qc5 Nd5 35. Qxa5 Rd4 36. c3 Rd3 37. Qb5 Qf3 38. Re5 Qg3 39. Rxg5+ Kf6 40.
Bxd5 exd5 41. Rf5+ Kg7 42. Qd7 1-0

[Event "European Rapid 2022"]
[Site "Katowice POL"]
[Date "2022.12.17"]
[Round "6.37"]
[White "Wikar, Martyna"]
[Black "Gaehwiler, Gabriel"]
[Result "1-0"]
[WhiteTitle "WFM"]
[BlackTitle "IM"]
[WhiteElo "2185"]
[BlackElo "2408"]
[WhiteFideId "21807663"]
[BlackFideId "1314530"]
[EventDate "2022.12.17"]

1. e4 c5 2. Nf3 d6 3. Bc4 e6 4. O-O Nf6 5. d3 Be7 6. Re1 Nc6 7. c3 O-O 8. Bb3 b6
9. Nbd2 Ba6 10. Nf1 Ne5 11. Bc2 c4 12. d4 Nd3 13. Bxd3 cxd3 14. Ng3 Qc7 15. h3
Rfd8 16. Re3 Bb5 17. a4 Bc4 18. Ne1 a5 19. Nxd3 b5 20. b3 Bxd3 21. Rxd3 Qb7 22.
axb5 Qxb5 23. c4 Qb6 24. Be3 d5 25. exd5 exd5 26. c5 Qb5 27. Nf5 Bf8 28. Bg5 Ra6
29. Rg3 Rd7 30. Nh6+ Kh8 31. Bxf6 Rxf6 32. Ng4 Re6 33. Rf3 f6 34. Ne3 Re4 35.
Rf5 g6 36. Rxf6 Qb8 37. Rb6 Qe8 38. c6 Rf7 39. Rb7 Rxb7 40. cxb7 Qb5 41. Rxa5
Qxb7 42. Qf3 Bg7 43. Rxd5 Re8 44. Rd8 Qe7 45. Rxe8+ Qxe8 46. d5 Kg8 47. g3 Qe5
48. Kg2 h5 49. Nc4 Qd4 50. d6 Bf8 51. Qc6 1-0

[Event "European Rapid 2022"]
[Site "Katowice POL"]
[Date "2022.12.17"]
[Round "6.38"]
[White "Solys, Laimutis"]
[Black "Akesson, Ralf"]
[Result "1-0"]
[WhiteTitle "FM"]
[BlackTitle "GM"]
[WhiteElo "2289"]
[BlackElo "2404"]
[WhiteFideId "12800368"]
[BlackFideId "1700120"]
[EventDate "2022.12.17"]

1. e4 c5 2. Nf3 d6 3. d4 cxd4 4. Nxd4 Nf6 5. Nc3 a6 6. h3 e5 7. Nde2 h5 8. g3 b5
9. Bg2 Bb7 10. a4 b4 11. Nd5 Bxd5 12. exd5 Nbd7 13. O-O g6 14. Be3 a5 15. f4 Bg7
16. fxe5 dxe5 17. c3 bxc3 18. Nxc3 O-O 19. d6 Rb8 20. Nb5 e4 21. Qd2 Ne5 22.
Rac1 Nd3 23. Rc6 Nb4 24. Rc4 Re8 25. Kh2 Nbd5 26. Bg5 Re5 27. Bxf6 Nxf6 28. Qf4
Rf5 29. Qe3 Rxf1 30. Bxf1 Qd7 31. Rc7 Qf5 32. Bc4 Nd5 33. Qe2 h4 34. Bxd5 Qxd5
35. d7 hxg3+ 36. Kg1 Rd8 37. Nc3 Rxd7 38. Nxd5 1-0

[Event "European Rapid 2022"]
[Site "Katowice POL"]
[Date "2022.12.17"]
[Round "6.39"]
[White "Chyzy, Jakub"]
[Black "Wieczorek, Oskar"]
[Result "1-0"]
[WhiteTitle "FM"]
[BlackTitle "GM"]
[WhiteElo "2247"]
[BlackElo "2504"]
[WhiteFideId "21806209"]
[BlackFideId "1133950"]
[EventDate "2022.12.17"]

1. e4 c5 2. Nc3 e6 3. d4 cxd4 4. Qxd4 Nc6 5. Qd2 Nf6 6. Bd3 d5 7. exd5 exd5 8.
Nf3 Bg4 9. Nb5 Be7 10. Nbd4 O-O 11. O-O Bc5 12. c3 Re8 13. h3 Bxf3 14. Nxf3 Ne4
15. Qc2 Rc8 16. Bf4 Qf6 17. Bh2 Re6 18. Qb3 Na5 19. Qxd5 Rd8 20. Bxe4 Rxd5 21.
Bxd5 Re2 22. b4 Qf5 23. bxc5 Qxd5 24. Rad1 Qc6 25. Nd4 Qxc5 26. Nxe2 h6 27. Rd8+
Kh7 28. Rfd1 Nc6 29. R8d7 Qc4 30. Nd4 Na5 31. Be5 Qxa2 32. Nf3 Nc6 33. Rxb7 Nxe5
34. Nxe5 Qe2 35. Rd5 Qe4 36. Rbd7 Qe1+ 37. Kh2 f6 38. Ng4 Qxc3 39. Rxa7 h5 40.
Rxh5+ Kg6 41. Rd5 f5 42. Ne5+ Kh7 43. Nf3 Qc1 44. Rxf5 Kg6 45. Rg5+ Kf6 46.
Raxg7 Qf4+ 47. Rg3 Qb8 48. Rd7 Kf5 49. Rd5+ Kf6 50. Rd1 Qf4 51. Kg1 Qa4 52. Re1
Qa5 53. Rg5 Qc3 54. Rge5 Qb4 55. R1e4 Qb1+ 56. Kh2 Qb8 57. Rf4+ Kg6 58. Rg5+ Kh6
59. g3 1-0

[Event "European Rapid 2022"]
[Site "Katowice POL"]
[Date "2022.12.17"]
[Round "6.40"]
[White "Trybus, Daniel"]
[Black "Szpar, Milosz"]
[Result "1/2-1/2"]
[BlackTitle "IM"]
[WhiteElo "2258"]
[BlackElo "2428"]
[WhiteFideId "21816131"]
[BlackFideId "1184989"]
[EventDate "2022.12.17"]

1. e4 c5 2. Nf3 Nc6 3. g3 g6 4. Bg2 Bg7 5. O-O e5 6. d3 Nge7 7. c4 O-O 8. Nc3 d6
9. Ne1 Be6 10. Nc2 f5 11. f4 Qd7 12. Rb1 h6 13. Be3 fxe4 14. Nxe4 Nf5 15. Bd2
exf4 16. Bxf4 Ne5 17. Ne3 Nxe3 18. Bxe3 Ng4 19. Rxf8+ Rxf8 20. Bf4 Bd4+ 21. Kh1
d5 22. cxd5 Bxd5 23. h3 Bxe4 24. Qxg4 Bxg2+ 25. Kxg2 Qc6+ 26. Kh2 h5 27. Qe2 g5
28. Be3 Qe6 29. Re1 Re8 30. Qxh5 Bxe3 31. Rxe3 Qxe3 32. Qg6+ 1/2-1/2

[Event "European Rapid 2022"]
[Site "Katowice POL"]
[Date "2022.12.17"]
[Round "6.41"]
[White "Shilov, Sergej"]
[Black "Klenburg, Michael"]
[Result "1/2-1/2"]
[WhiteTitle "FM"]
[BlackTitle "IM"]
[WhiteElo "2047"]
[BlackElo "2347"]
[WhiteFideId "14101505"]
[BlackFideId "14102072"]
[EventDate "2022.12.17"]

1. d4 d6 2. e4 Nf6 3. Nc3 g6 4. f4 Bg7 5. Nf3 O-O 6. e5 dxe5 7. dxe5 Qxd1+ 8.
Kxd1 Rd8+ 9. Ke1 Nd5 10. Nxd5 Rxd5 11. Bc4 Rd8 12. Be3 Nc6 13. Kf2 a6 14. Rad1
Bf5 15. c3 h6 16. Nd4 Nxd4 17. Rxd4 Rxd4 18. Bxd4 Be4 19. Re1 Bc6 20. Bc5 Bf8
21. Rd1 e6 22. Be3 Be7 23. Be2 Kf8 24. Bf3 Bxf3 25. Kxf3 Ke8 26. g4 b5 27. Ke4
Rb8 28. b3 Rd8 29. Rxd8+ Kxd8 30. f5 Bf8 31. c4 bxc4 32. bxc4 Kd7 33. Bf2 Kc6
34. Be3 gxf5+ 35. gxf5 h5 36. fxe6 fxe6 37. h3 Bc5 38. Bd2 Bf2 39. Bb4 Bg3 40.
Kd4 Kb6 41. Ke4 a5 42. Be7 a4 43. Bb4 Kc6 44. Be7 Kd7 45. Bc5 Kc6 46. Be7 1/2-1/2

[Event "European Rapid 2022"]
[Site "Katowice POL"]
[Date "2022.12.17"]
[Round "6.42"]
[White "Rudzinska, Michalina"]
[Black "Samunenkov, Ihor"]
[Result "0-1"]
[WhiteTitle "WFM"]
[BlackTitle "IM"]
[WhiteElo "2256"]
[BlackElo "2488"]
[WhiteFideId "1172883"]
[BlackFideId "14187086"]
[EventDate "2022.12.17"]

1. e4 c6 2. Nf3 d5 3. exd5 cxd5 4. Ne5 a6 5. d4 Nc6 6. c3 Nxe5 7. dxe5 Bf5 8.
Be2 e6 9. Nd2 Ne7 10. Nf3 Nc6 11. O-O Bc5 12. b4 Be7 13. Nd4 Nxd4 14. Qxd4 O-O
15. Bf4 Qc7 16. Rac1 Rfd8 17. c4 dxc4 18. Qxc4 Qxc4 19. Rxc4 b5 20. Rc7 Bxb4 21.
Bf3 Rac8 22. Rxc8 Rxc8 23. Bb7 Rc2 24. Bxa6 Bd3 25. Rd1 Rxa2 26. h4 Rxa6 27.
Rxd3 h5 28. Rb3 Bc5 29. Rxb5 Ra1+ 30. Kh2 Bxf2 31. g3 Kh7 32. Kg2 Bd4 33. Kf3
Ra3+ 34. Kg2 Kg6 35. Rb4 Rd3 36. Rb7 Ba1 37. Ra7 Bb2 38. Rb7 Ba3 39. Ra7 Rb3 40.
Rd7 Rb5 41. Kf3 Rb3+ 42. Kg2 Bb2 43. Rd2 Rb5 44. Re2 Kf5 45. Rf2 Kg6 46. Re2 Rb7
47. Kh3 Kf5 48. Re1 Bd4 49. Rf1 Bxe5 50. Bxe5+ Kxe5 51. Ra1 g6 52. Rf1 Kd6 53.
Rf3 Ke7 54. Ra3 Rb4 55. Ra7+ Kf6 56. Ra6 Kf5 57. Ra1 e5 58. Rf1+ Ke6 59. Ra1 Rb6
60. Ra8 e4 61. Re8+ Kf5 62. Ra8 Re6 63. Ra5+ Re5 64. Ra7 f6 65. Kg2 e3 0-1

[Event "European Rapid 2022"]
[Site "Katowice POL"]
[Date "2022.12.17"]
[Round "6.43"]
[White "Gunnarsson, Arnar"]
[Black "Bartel, Michal"]
[Result "1-0"]
[WhiteTitle "IM"]
[BlackTitle "FM"]
[WhiteElo "2406"]
[BlackElo "2250"]
[WhiteFideId "2300915"]
[BlackFideId "1119257"]
[EventDate "2022.12.17"]

1. c4 e5 2. Nc3 d6 3. g3 Be7 4. Bg2 c6 5. Nf3 f5 6. O-O Nf6 7. b4 a6 8. Rb1 Be6
9. c5 Nbd7 10. Qc2 h6 11. Nh4 e4 12. Ng6 Rg8 13. cxd6 Bxd6 14. d3 Bf7 15. Nh4
exd3 16. exd3 f4 17. Nf5 Bc7 18. Re1+ Kf8 19. Ba3 Rh8 20. b5+ Kg8 21. bxc6 bxc6
22. Be7 1-0

[Event "European Rapid 2022"]
[Site "Katowice POL"]
[Date "2022.12.17"]
[Round "6.44"]
[White "Paehtz, Elisabeth"]
[Black "Mrvova, Alena"]
[Result "1-0"]
[WhiteTitle "GM"]
[BlackTitle "WIM"]
[WhiteElo "2464"]
[BlackElo "2135"]
[WhiteFideId "4641833"]
[BlackFideId "14902036"]
[EventDate "2022.12.17"]

1. d4 Nf6 2. Nf3 e6 3. Bf4 b6 4. e3 Bb7 5. Nbd2 Be7 6. h3 O-O 7. Bd3 c5 8. c3
Nc6 9. Bh2 d6 10. Qe2 a5 11. a4 cxd4 12. exd4 Nd5 13. O-O g6 14. Rfe1 Re8 15.
Nc4 Bf8 16. Rad1 Qc7 17. Na3 Rad8 18. Qc2 Bh6 19. Bf1 Bf4 20. Bxf4 Nxf4 21. Qd2
Nd5 22. Qh6 f6 23. Bc4 Na7 24. Nd2 Qg7 25. Qh4 g5 26. Qg3 Nf4 27. Bf1 Bc6 28. b3
e5 29. Ndc4 Qc7 30. Ne3 Kh8 31. Nac4 b5 32. axb5 Nxb5 33. Ng4 Qg7 34. Nxa5 Bd7
35. dxe5 fxe5 36. Nb7 Bxg4 37. Nxd8 Bxd1 38. Bxb5 Rxd8 39. Rxd1 h6 40. Bf1 Qf6
41. Qe3 Rf8 42. g3 Ng6 43. Rd2 Ne7 44. Bg2 Qe6 45. b4 d5 46. Re2 e4 47. c4 Nf5
48. cxd5 Qxd5 49. Qxe4 Qd1+ 50. Kh2 Ng7 51. Qc2 Qd4 52. Qb2 Qd6 53. b5 Rf6 54.
Rd2 Qb6 55. Qd4 Qxd4 56. Rxd4 Rxf2 57. b6 Rb2 58. Rd8+ Kh7 59. b7 1-0

[Event "European Rapid 2022"]
[Site "Katowice POL"]
[Date "2022.12.17"]
[Round "6.45"]
[White "Lach, Aleksandra"]
[Black "Hunt, Harriet V"]
[Result "1-0"]
[WhiteTitle "WIM"]
[BlackTitle "IM"]
[WhiteElo "2191"]
[BlackElo "2348"]
[WhiteFideId "1134299"]
[BlackFideId "403512"]
[EventDate "2022.12.17"]

1. e4 c5 2. Nc3 Nc6 3. Bb5 Nd4 4. Nf3 e6 5. O-O a6 6. Bd3 b5 7. Nxd4 cxd4 8. Ne2
Qb6 9. c3 dxc3 10. dxc3 Bb7 11. a4 Nf6 12. axb5 axb5 13. Rxa8+ Bxa8 14. e5 Ng4
15. Bf4 Bc5 16. Nd4 h5 17. Be2 g5 18. Bg3 Bxd4 19. cxd4 Nh6 20. Bxh5 Nf5 21. Bf3
Bc6 22. d5 exd5 23. Qd2 Nd4 24. Qxg5 Nxf3+ 25. gxf3 d4 26. Qg7 Rf8 27. e6 Qc5
28. exf7+ Kd8 29. Re1 Bd5 30. Qf6+ Kc8 31. Qa6+ Kd8 32. Qf6+ Kc8 33. Qa6+ Kd8
34. Qa5+ Kc8 35. Re8+ Kb7 36. Qa8+ Kb6 37. Qd8+ 1-0

[Event "European Rapid 2022"]
[Site "Katowice POL"]
[Date "2022.12.17"]
[Round "6.46"]
[White "Kacprzak, Kacper"]
[Black "Plichta, Kamil"]
[Result "1-0"]
[BlackTitle "FM"]
[WhiteElo "2289"]
[BlackElo "2394"]
[WhiteFideId "21819319"]
[BlackFideId "1141830"]
[EventDate "2022.12.17"]

1. e4 e6 2. d4 d5 3. e5 c5 4. c3 Nc6 5. Nf3 Qb6 6. Bd3 cxd4 7. O-O Bd7 8. Re1
Nge7 9. h4 h6 10. h5 a6 11. Nbd2 dxc3 12. bxc3 Na5 13. Rb1 Qc7 14. Nb3 Nec6 15.
Be3 Nxb3 16. Rxb3 b5 17. a4 Na5 18. Rb1 Nc4 19. axb5 Nxe3 20. Rxe3 Bc5 21. Nd4
axb5 22. Qg4 O-O 23. Rbe1 Rfb8 24. Rg3 Bf8 25. Qf4 f5 26. Qxh6 Qxc3 27. Qe3 Ra4
28. Nf3 Qc5 29. Qg5 Qe7 30. Qc1 Rg4 31. Rxg4 fxg4 32. Nd4 Qh4 33. Qf4 Qxh5 34.
Be2 b4 35. Bxg4 Qf7 36. Qg3 Be7 37. Qh3 Rb6 38. Re3 Bc5 39. Rf3 Qe7 40. Nb3 Rc6
41. Bh5 Be8 42. Rf4 Qg5 43. Rh4 Be7 44. Bxe8 Rc1+ 45. Nxc1 Qxc1+ 46. Kh2 Bxh4
47. Qxh4 b3 48. Bg6 Qc7 49. Qh7+ Kf8 50. Qh8+ Ke7 51. Qe8# 1-0

[Event "European Rapid 2022"]
[Site "Katowice POL"]
[Date "2022.12.17"]
[Round "6.48"]
[White "Krzywda, Andrzej"]
[Black "Kozak, Antoni"]
[Result "0-1"]
[WhiteTitle "CM"]
[WhiteElo "2262"]
[BlackElo "2422"]
[WhiteFideId "1114565"]
[BlackFideId "21832030"]
[EventDate "2022.12.17"]

1. d4 d5 2. c4 e6 3. Nf3 Nf6 4. Nc3 c6 5. e3 Nbd7 6. Be2 Bd6 7. O-O O-O 8. Qc2
b6 9. e4 dxe4 10. Nxe4 Nxe4 11. Qxe4 Bb7 12. Bf4 Nf6 13. Qe3 Bxf4 14. Qxf4 Qe7
15. Rfd1 Rfd8 16. a3 c5 17. dxc5 bxc5 18. Qe3 h6 19. Ne5 a5 20. Bf3 Bxf3 21.
Qxf3 Qc7 22. Qe3 Ne8 23. Nd3 Rac8 24. Rac1 a4 25. Nf4 Nd6 26. Ne2 Nxc4 27. Qc3
Rxd1+ 28. Rxd1 Nb6 29. Qa5 Qc6 30. Rc1 Nd5 31. h3 c4 32. Rd1 Rb8 33. Qd2 Qb7 34.
Qd4 Qxb2 35. Qxc4 Qxa3 36. Nf4 Qb3 37. Qxb3 axb3 38. Nd3 Nc3 39. Rd2 Rd8 40. Kf1
Rxd3 41. Rxd3 b2 0-1

[Event "European Rapid 2022"]
[Site "Katowice POL"]
[Date "2022.12.17"]
[Round "6.49"]
[White "Petursson, Margeir"]
[Black "Hnatyshyn, Anastasiia"]
[Result "1-0"]
[WhiteTitle "GM"]
[WhiteElo "2437"]
[BlackElo "2090"]
[WhiteFideId "2300028"]
[BlackFideId "14198339"]
[EventDate "2022.12.17"]

1. d4 Nf6 2. c4 e6 3. Nc3 d5 4. Nf3 Be7 5. g3 O-O 6. Bg2 dxc4 7. O-O c5 8. dxc5
Bxc5 9. Ne5 Qe7 10. Nxc4 Nc6 11. Bf4 Rd8 12. Qc1 Nd5 13. Nxd5 exd5 14. Ne3 Be6
15. Rd1 d4 16. Nc2 Rac8 17. Ne1 Bb6 18. Nd3 Bf5 19. Bf3 Bxd3 20. Rxd3 Nb4 21.
Qd1 Nxd3 22. Qxd3 Bc7 23. Bd2 Be5 24. h4 b6 25. Kg2 Bf6 26. Bg4 Rc7 27. Bf4 Be5
28. Bg5 Bf6 29. Bf4 Rc5 30. Bd2 Qc7 31. Bb4 Rc4 32. Bd2 Rc2 33. Bf5 Rc5 34.
Bxh7+ Kh8 35. Be4 Kg8 36. Qf3 a5 37. Rh1 Re8 38. Bf4 Be5 39. Bg5 Bd6 40. Qg4 Bf8
41. Bd3 Qc6+ 42. Kh2 b5 43. Qxd4 Rd5 44. Qg4 Qb6 45. Qf3 Rde5 46. Kg2 Qa6 47.
Rc1 Qa8 48. Qxa8 Rxa8 49. Bf4 Rd5 50. Be4 Rad8 51. Bxd5 Rxd5 52. Rc8 f6 53. Kf3
Kf7 54. Ke4 Rd1 55. Rc1 Rd8 56. Rc7+ Ke6 57. Rc6+ Kf7 58. Rb6 b4 59. Rb7+ Ke6
60. Rb8 Rxb8 61. Bxb8 Bc5 62. f3 Bf2 63. h5 Bc5 64. b3 Bb6 65. g4 Bd8 66. Ba7
Bc7 67. Bc5 Bd8 68. f4 Bc7 69. f5+ Kd7 70. Bf8 1-0

[Event "European Rapid 2022"]
[Site "Katowice POL"]
[Date "2022.12.17"]
[Round "6.50"]
[White "Mayrhuber, Tobias"]
[Black "Psyk, Radoslaw"]
[Result "0-1"]
[WhiteElo "2006"]
[BlackElo "2438"]
[WhiteFideId "1639692"]
[BlackFideId "1182838"]
[EventDate "2022.12.17"]

1. e4 Nf6 2. Nc3 d5 3. e5 Ne4 4. d3 Nxc3 5. bxc3 c5 6. d4 Nc6 7. Be3 Qa5 8. Qd2
e6 9. Ne2 b6 10. f4 Ba6 11. f5 Bxe2 12. Bxe2 cxd4 13. Bxd4 Nxd4 14. Qxd4 Rc8 15.
fxe6 fxe6 16. Rb1 Bc5 17. Qd3 O-O 18. Rf1 Qxa2 19. Kd2 d4 20. cxd4 Rxf1 21. Rxf1
Bb4+ 22. Ke3 Rc3 0-1

[Event "European Rapid 2022"]
[Site "Katowice POL"]
[Date "2022.12.17"]
[Round "6.51"]
[White "Paprocki, Jaroslaw"]
[Black "Fus, Jakub"]
[Result "0-1"]
[BlackTitle "FM"]
[WhiteElo "2158"]
[BlackElo "2405"]
[WhiteFideId "1122274"]
[BlackFideId "1193023"]
[EventDate "2022.12.17"]

1. e4 c6 2. d4 d5 3. e5 Bf5 4. Nf3 e6 5. Be2 Ne7 6. Nbd2 c5 7. dxc5 Nec6 8. Nb3
Nd7 9. Bf4 Bxc5 10. O-O O-O 11. Nxc5 Nxc5 12. c3 Bg4 13. h3 Bh5 14. Re1 Rc8 15.
a3 a5 16. Nd2 Bxe2 17. Qxe2 a4 18. Rad1 Qc7 19. Qe3 Na5 20. Qg3 Kh8 21. Re3 Qb6
22. Rb1 Nc4 23. Nxc4 dxc4 24. Qg4 Nd3 25. Rg3 Qxf2+ 26. Kh2 Rg8 27. Rf3 Qc2 28.
Rbf1 f5 29. Qh5 Qxb2 30. Qf7 Qb6 31. Qh5 Qa5 32. Kh1 Nxf4 33. Rxf4 Qxe5 34. Rh4
h6 35. Qg6 Rgf8 36. Rff4 Rf6 37. Qh5 Qxc3 38. Kh2 Qe5 39. Qd1 c3 40. g3 c2 41.
Qc1 g5 42. Rc4 Qe2+ 0-1

[Event "European Rapid 2022"]
[Site "Katowice POL"]
[Date "2022.12.17"]
[Round "6.52"]
[White "Dubnevych, Maksym"]
[Black "Charkhalashvili, Inga"]
[Result "0-1"]
[BlackTitle "WGM"]
[WhiteElo "2139"]
[BlackElo "2273"]
[WhiteFideId "14184001"]
[BlackFideId "13601431"]
[EventDate "2022.12.17"]

1. d4 Nf6 2. Nc3 d5 3. Bf4 Bf5 4. e3 e6 5. Nf3 Bd6 6. Ne5 Bxe5 7. Bxe5 Nbd7 8.
Bf4 O-O 9. Bd3 Bg6 10. Qe2 Re8 11. O-O-O e5 12. dxe5 Nxe5 13. Bxe5 Rxe5 14. Bxg6
hxg6 15. Rhe1 c6 16. f4 Re6 17. e4 Nxe4 18. Nxe4 Qe7 19. Qd3 Re8 20. Qd4 Rxe4
21. Rxe4 Qxe4 22. Qf2 Qc4 23. b3 Qc3 24. Qh4 Qa1+ 25. Kd2 Qxa2 26. Kc3 b5 27.
Rd3 Qa5+ 28. Kb2 Re1 29. c4 Qa1+ 30. Kc2 Qc1# 0-1

[Event "European Rapid 2022"]
[Site "Katowice POL"]
[Date "2022.12.17"]
[Round "6.53"]
[White "Morgunov, Marc"]
[Black "Delgerdalai, Bayarjavkhlan"]
[Result "1-0"]
[WhiteTitle "FM"]
[WhiteElo "2402"]
[BlackElo "2100"]
[WhiteFideId "1640305"]
[BlackFideId "23727276"]
[EventDate "2022.12.17"]

1. e4 e5 2. Nf3 Nc6 3. Bb5 a6 4. Ba4 Nf6 5. O-O b5 6. Bb3 Be7 7. Re1 d6 8. c3
O-O 9. h3 Na5 10. Bc2 c5 11. d4 Qc7 12. Nbd2 Bd7 13. Nf1 Rfd8 14. d5 b4 15. Ne3
g6 16. g4 Bf8 17. cxb4 cxb4 18. Bd2 Rab8 19. Rc1 Qb6 20. b3 Rdc8 21. Kg2 Qb5 22.
Qe2 Qxe2 23. Rxe2 Nb7 24. Bxb4 Nxe4 25. Nc4 Nf6 26. Rd2 a5 27. Ba3 Rc7 28. Nb6
Bb5 29. Rdd1 Nd8 30. Nc4 Bxc4 31. bxc4 Rxc4 32. Bb3 Rxc1 33. Rxc1 a4 34. Bc4 Rc8
35. g5 Nh5 36. Nd2 Nf4+ 37. Kg3 Nb7 38. Ne4 Na5 39. Bb5 Rb8 40. Nf6+ Kg7 41. Bf1
Be7 42. Rc7 Bxf6 43. gxf6+ Kxf6 44. Bxd6 Rb1 45. Ba6 Nxd5 46. Rc5 Rb6 47. Bxe5+
Kxe5 48. Rxa5 Rb4 49. Bb5 Kd4 50. Rxa4 Rxa4 51. Bxa4 f5 52. Bb3 Nf6 53. Kf4 Ne4
54. f3 Nd2 55. Bd1 h6 56. h4 Kd5 57. a4 Kc5 58. Ke5 Nc4+ 59. Kf6 Ne3 60. Be2 Ng2
61. Kxg6 Nxh4+ 62. Kh5 Ng2 63. Kxh6 Kb4 64. Bb5 Nh4 65. f4 Nf3 66. Kg6 Nd4 67.
Kf6 Kc5 68. Ke5 Nf3+ 69. Kxf5 Kd6 70. Bd3 Nd4+ 71. Ke4 Ne6 72. a5 Nc5+ 73. Ke3
Nd7 74. a6 Kc7 75. f5 Nc5 76. Kd4 Nd7 77. Kd5 Kb6 78. Kd6 Nc5 79. f6 1-0

[Event "European Rapid 2022"]
[Site "Katowice POL"]
[Date "2022.12.17"]
[Round "6.54"]
[White "Haug, Havard"]
[Black "Maltsevskaya, Aleksandra"]
[Result "0-1"]
[BlackTitle "IM"]
[WhiteElo "2044"]
[BlackElo "2400"]
[WhiteFideId "1547887"]
[BlackFideId "24174041"]
[EventDate "2022.12.17"]

1. e4 c5 2. c3 g6 3. d4 cxd4 4. cxd4 d5 5. e5 Nc6 6. Bb5 Bg7 7. Nf3 Nh6 8. O-O
O-O 9. h3 f6 10. Nc3 Nf7 11. Re1 fxe5 12. dxe5 e6 13. Bxc6 bxc6 14. b3 a5 15.
Ba3 Re8 16. Bc5 Ba6 17. Rc1 Bb5 18. Qd4 Rb8 19. Nh2 Rb7 20. f4 Kh8 21. Kh1 g5
22. g3 gxf4 23. gxf4 Nh6 24. Nf3 Nf5 25. Qf2 Bh6 26. Nd4 Nxd4 27. Bxd4 Rf7 28.
Bb6 Qa8 29. Nxb5 cxb5 30. Rc7 Rxf4 31. Qc2 Rf5 32. Bd4 Ref8 33. Rd7 Qe8 34. Qc7
Qg6 35. Bg1 Rf3 36. Rd8 Rxh3+ 37. Bh2 Rxh2+ 38. Kxh2 Bf4+ 39. Kh1 Qh5+ 40. Kg1
Qg5+ 41. Kf2 Rxd8 42. Ke2 Qg2+ 43. Kd3 Qd2# 0-1

[Event "European Rapid 2022"]
[Site "Katowice POL"]
[Date "2022.12.17"]
[Round "6.55"]
[White "Widelski, Kacper"]
[Black "Zimina, Olga"]
[Result "0-1"]
[BlackTitle "IM"]
[WhiteElo "1867"]
[BlackElo "2295"]
[WhiteFideId "1159950"]
[BlackFideId "4132190"]
[EventDate "2022.12.17"]

1. c4 c6 2. d4 d5 3. Nc3 Nf6 4. Nf3 a6 5. cxd5 cxd5 6. Bf4 Nc6 7. e3 Bg4 8. h3
Bxf3 9. Qxf3 e6 10. Bd3 Bd6 11. Bg5 Be7 12. O-O h6 13. Bh4 O-O 14. Rac1 Rc8 15.
Bb1 Nh7 16. Bxe7 Qxe7 17. Na4 Ng5 18. Qe2 f5 19. Rc5 Ne4 20. Bxe4 fxe4 21. Rfc1
Rf5 22. b4 Rcf8 23. b5 axb5 24. Rxb5 Qa3 25. Nb2 Rxf2 26. Qxf2 Rxf2 27. Kxf2 Nb4
28. Rc8+ Kh7 29. Nd1 Qxa2+ 30. Kg3 Qd2 31. Rxb7 Qxd1 32. Rcc7 Kg6 33. Rxg7+ Kh5
34. Rh7 Nd3 35. Kh2 Qe2 36. Rbg7 Qxe3 37. g4+ Kh4 38. Rg6 Qe2+ 0-1

[Event "European Rapid 2022"]
[Site "Katowice POL"]
[Date "2022.12.17"]
[Round "6.56"]
[White "Baum, Jonasz"]
[Black "Warchol, Kamil"]
[Result "1-0"]
[WhiteTitle "IM"]
[BlackTitle "FM"]
[WhiteElo "2420"]
[BlackElo "2164"]
[WhiteFideId "1195360"]
[BlackFideId "21858241"]
[EventDate "2022.12.17"]

1. d4 Nf6 2. c4 e6 3. Nc3 Bb4 4. g3 O-O 5. Bg2 d5 6. Nf3 c6 7. O-O Nbd7 8. Qb3
Bd6 9. Rd1 b6 10. e4 dxe4 11. Ng5 Bb7 12. Ngxe4 Be7 13. Bf4 Nxe4 14. Nxe4 Nf6
15. c5 Nxe4 16. Bxe4 b5 17. a4 a6 18. Qd3 h6 19. Qf3 Qd7 20. Bc2 Rfe8 21. Qd3 f5
22. Bb3 Kh8 23. Qe3 Bf8 24. Be5 Kh7 25. Re1 Qf7 26. h4 Rad8 27. Bd1 Be7 28. Bf3
Ra8 29. Ra3 b4 30. Rb3 a5 31. Qc1 Bf8 32. Rbe3 Qd7 33. Bd1 Bc8 34. Bb3 Qf7 35.
Qd1 Ra7 36. Qf3 Bd7 37. Bc4 Rb7 38. R3e2 Ra7 39. Bf4 Bc8 40. Qb3 Ra8 41. Bxe6
Bxe6 42. Rxe6 Rad8 43. Rxh6+ 1-0